<?xml version="1.0" encoding="UTF-8"?>
<marc:record xmlns:marc="http://www.loc.gov/MARC21/slim">
   <marc:leader>00000nam a2200000 a 4500</marc:leader>
   <marc:datafield ind1="1" ind2=" " tag="100">
      <marc:subfield code="a">Kochgruber, Petra</marc:subfield>
      <marc:subfield code="4">aut</marc:subfield>
      <marc:subfield code="e">Verfasser/-in</marc:subfield>
   </marc:datafield>
   <marc:datafield ind1=" " ind2=" " tag="653">
      <marc:subfield code="a">Erzählende Literatur</marc:subfield>
   </marc:datafield>
   <marc:datafield ind1="0" ind2="0" tag="245">
      <marc:subfield code="a">Ein Hund, sein Rudel und drei Rucksäcke</marc:subfield>
   </marc:datafield>
   <marc:datafield ind1="0" ind2="0" tag="245">
      <marc:subfield code="b">München-Venedig zu Fuss über die Alpen mit Hund</marc:subfield>
   </marc:datafield>
   <marc:datafield ind1="0" ind2="0" tag="245">
      <marc:subfield code="c">Petra Kochgruber</marc:subfield>
   </marc:datafield>
   <marc:datafield ind1=" " ind2="1" tag="264">
      <marc:subfield code="a">Norderstedt</marc:subfield>
      <marc:subfield code="b">Books on Demand</marc:subfield>
      <marc:subfield code="c">2017</marc:subfield>
   </marc:datafield>
   <marc:datafield ind1="1" ind2=" " tag="520">
      <marc:subfield code="a">Angaben aus der Verlagsmeldung

Ein Hund, sein Rudel und drei Rucksäcke : München-Venedig zu Fuss über die Alpen mit Hund / von Petra Kochgruber

EEin amüsanter und informativer Alpenroman. In vier Wochen 500 km zu Fuß, quer über die Alpen, von München nach Venedig. Mein Mann Robert, unser Hund Monet und ich. Unserer erste Fernwanderung mit Hund!
Nervenaufreibende und entspannte Momente. Interessante Weggefährten, phantastische Aus- und Einblicke in die großartige Alpenwelt und ihre charmanten Anekdoten am Rande, die unseren langen Weg in ein spannendes Ziel verwandelten.

Exklusiv nur für Buchleser als Download:
Die GPS Daten unserer München-Venedig Tour als Tagesetappen mit Wegpunkten und als Gesamtroute, die wir hundegerecht angepasst haben, können interessierte Leser via Passwort über den Blog: www.nurmut.ch herunterladen. Außerdem gibt es dort die einzelnen Tagesetappen als Routenliste mit Kilometer -und Höhenangaben sowie als Kartenausschnitt-pdf Dateien. Eine detaillierte Packliste mit Gewichtsangaben und praktische Tipps und Tricks zum Fernwandern mit Hund.
Das Buch für alle, die auch gern einmal mit ihrem Rudel oder allein ihr persönliches Wanderabenteuer erleben möchten. Die genauer wissen wollen, wieso die Gliederscharte ihren Namen zu Recht trägt, und wo es auf der Route das beste Schnitzel gibt. Oder die einfach in Gedanken mitwandern wollen, um selbst zu erfahren, wie faszinierend und erholsam ein etwas längerer Gassigang mit Hund sein kann. Mit minimalem Gepäck und der Freiheit, jeden Tag und Ort einfach hinter sich lassen zu können. Um einem neuen, aufregenden entgegen zu gehen. Nur Mut!
Für alle, die gern "live" dabei sein möchten, der Film zur Tour: "München-Venedig zu Fuß mit Hund- der Film" auf www.nurmut.ch.
</marc:subfield>
   </marc:datafield>
   <marc:datafield ind1=" " ind2=" " tag="020">
      <marc:subfield code="a">9783743190184</marc:subfield>
      <marc:subfield code="9">9783743190184</marc:subfield>
   </marc:datafield>
   <marc:datafield ind1=" " ind2=" " tag="041">
      <marc:subfield code="a">ger</marc:subfield>
   </marc:datafield>
   <marc:datafield ind1=" " ind2=" " tag="300">
      <marc:subfield code="a">Online-Ressourcen</marc:subfield>
   </marc:datafield>
</marc:record>
